Проблемно-ориентированное обучение физике в системе подготовки бакалавров и инженеров; Бакалавры техники и технологии: подготовка и трудоустройство

Bibliographische Detailangaben
Parent link:Бакалавры техники и технологии: подготовка и трудоустройство.— 2004.— С. 62-64.
1. Verfasser: Чернов И. П. Иван Петрович
Weitere Verfasser: Ларионов В. В. Виталий Васильевич, Пичугин Д. В.
Sprache:Russisch
Veröffentlicht: 2004
Schlagworte:
Format: Buchkapitel
KOHA link:https://koha.lib.tpu.ru/cgi-bin/koha/opac-detail.pl?biblionumber=222428

MARC

LEADER 00000naa2a2200000 4500
001 222428
005 20250917071651.0
035 |a (RuTPU)RU\TPU\book\242640 
090 |a 222428 
100 |a 20120924d2004 k y0rusy50 ca 
101 0 |a rus 
102 |a RU 
200 1 |a Проблемно-ориентированное обучение физике в системе подготовки бакалавров и инженеров  |f И. П. Чернов, В. В. Ларионов, Д. В. Пичугин 
463 1 1 |0 68736  |t Бакалавры техники и технологии: подготовка и трудоустройство  |o труды международного симпозиума, 17-18 июня 2004 г., Москва  |f Томский политехнический университет ; Бакалавры техники и технологии: подготовка и трудоустройство, международный симпозиум ; под ред. Ю. П. Похолкова  |d 2004  |p 126 с.  |9 68736  |a Похолков, Ю. П. (специалист в области электротехники, доктор технических наук ; 1939-)  |c Томск  |n Изд-во ТПУ  |v С. 62-64. 
610 1 |a физика 
610 1 |a обучение 
610 1 |a проблемно-ориентированный подход 
610 1 |a бакалавры 
610 1 |a инженеры 
610 1 |a труды учёных ТПУ 
700 1 |a Чернов  |b И. П.  |c физик  |c профессор Томского политехнического университета, доктор физико-математических наук  |f 1935-2025  |g Иван Петрович  |x TPU  |y Томск  |3 (RuTPU)RU\TPU\pers\12909  |9 3694 
701 1 |a Ларионов  |b В. В.  |c физик  |c профессор Томского политехнического университета, доктор педагогических наук  |f 1945-  |g Виталий Васильевич  |3 (RuTPU)RU\TPU\pers\25193  |4 070  |9 11273 
701 1 |a Пичугин  |b Д. В. 
801 1 |a RU  |b 63413507  |c 20120924 
801 2 |a RU  |b 63413507  |c 20130118  |g RCR 
942 |c BK